000 00562nam a2200229Ia 4500
003 OSt
005 20220918191109.0
006 a|||||r|||| 00| 0
007 ta
008 220917b |||||||| |||| 00| 0 eng d
024 _a61,441
037 _cTextual
040 _aARTS
_cARTS
_beng
041 _2eng
_aeng
082 _aQ6:21:9, D9
100 _aDummelow J R ed
_974900
245 0 _aCommentary on the Holy Bible
260 _c1909
650 _aRELIGION
942 _hQ6:21:9, D9
_cTEXL
_2CC
999 _c188293
_d188293